00236nam a2200085 a 450000500170000000800410001705000220005824500290008026000410010920140414131849.0100727s19uu xx 00 eng d aM 394.2bV97 2005 aThemes for special days. aAustralia :bHawker Brownlow,c2005.